| 000 | 00653nam a2200217Ia 4500 | ||
|---|---|---|---|
| 003 | OSt | ||
| 005 | 20250829121033.0 | ||
| 008 | 210210b2000 xxu||||| |||| 00| 0 eng d | ||
| 020 | _a81 7713 048 X | ||
| 040 | _cAL | ||
| 041 | _aKannada | ||
| 082 | _a398.2K SHAK | ||
| 100 |
_aSHAHASINA BEGAM. _dಷಹಸೀನಾ ಬೇಗಂ _9237607 |
||
| 245 |
_aKarnataka muslim janapada. _b ಕರ್ನಾಟಕ ಮುಸ್ಲಿಂ ಜಾನಪದ |
||
| 260 |
_aBengaluru. _bKannada Pustaka Pradikara., _c2000 |
||
| 300 | _aviii,220 | ||
| 650 |
_aKarnatakak Muslim Janapada _9237608 |
||
| 690 |
_aFolklore _9237609 |
||
| 906 | _a056697 | ||
| 942 |
_2ddc _cBK |
||
| 999 |
_c104407 _d104407 |
||